000 00312nam a2200133Ia 4500
008 191201s2012 xx 000 0 und d
100 _aROBBINS,Stephen P
245 0 _aOrganizational Behavior
250 _aImp 1st
260 _c2012
_bpearson
_aN. delhi
300 _a623
650 _aMBA
942 _2ddc
_cBB
_015
999 _c7484
_d7484